| 000 | 00549nam a2200181Ia 4500 | ||
|---|---|---|---|
| 008 | 100917s9999 xx 000 0 und d | ||
| 082 | _b64692 | ||
| 100 | _a--- | ||
| 245 | _aसेनापती बापट | ||
| 260 |
_bसाहित्य आणि संस्कृती मंडळ प्रकाशन _c1977 |
||
| 300 | _a436 | ||
| 365 | _b56 | ||
| 520 | _aचरित्र | ||
| 630 | _aसेनापती बापट | ||
| 650 | _aचरित्र | ||
| 730 | _aसेनापती बापट | ||
| 942 | _cBOOK | ||
| 999 |
_c670086 _d670083 |
||